| 000 | 00532nam a22002057a 4500 | ||
|---|---|---|---|
| 003 | OSt | ||
| 005 | 20151202152543.0 | ||
| 008 | 130307t xxu||||| |||| 00| 0 eng d | ||
| 020 | _a1876659173 | ||
| 050 |
_aQA 43 _b.T629 2004 |
||
| 082 |
_aIB 510 _bL96 2007 |
||
| 100 | _aCirito, Fabio | ||
| 245 |
_aMathematics standard level / _cIan Lucas |
||
| 250 |
_a3rd edition _b2nd imprint |
||
| 260 |
_bVictoria : _cIBID Press, _ac2007. |
||
| 300 |
_axvi, 854 p. : _c24.5 cm. |
||
| 562 | _e1 | ||
| 942 |
_2lcc _cBK |
||
| 999 |
_c3014 _d3014 |
||